FIVB Volleyball Women's Nations League (VNL) Top 4 Positions - Statistics

General Stats
  • This quiz has been taken 314 times
    226 since last reset
  • The average score is 8 of 8
Answer Stats
Winner % Correct
United States
98%
Brazil
96%
China
96%
Italy
96%
Japan
93%
Turkey
93%
Poland
92%
Serbia
88%
No matching quizzes found
Score Distribution
Percent of People with Each Score
Percentile by Number Answered
Your Score History
You have not taken this quiz since the last reset